Capitals Starting With R - Statistics

General Stats
  • This quiz has been taken 82,009 times
  • The average score is 4 of 6
Answer Stats
Country Capital City % Correct
Italy Rome
88%
Latvia Riga
84%
Iceland Reykjavik
78%
Saudi Arabia Riyadh
69%
Morocco Rabat
66%
Dominica Roseau
47%
No matching quizzes found
Score Distribution
Percent of People with Each Score
Percentile by Number Answered
Your Score History
You have not taken this quiz